[Event "GER AM02-B email"]
[Site "GER email"]
[Date "2016.06.26"]
[Round "?"]
[White "Horvat, Milan"]
[Black "Matheis, Thomas"]
[Result "1/2-1/2"]
[WhiteElo "2463"]
[BlackElo "2454"]
[PlyCount "62"]
[EventDate "2016.??.??"]
[EventType "tourn (corr)"]
[EventRounds "14"]
[EventCountry "GER"]
[SourceTitle "Corr 2017"]
[Source "ChessBase"]
[SourceDate "2017.09.19"]
[SourceVersion "1"]
[SourceVersionDate "2017.09.19"]
[SourceQuality "1"]

1. Nf3 d5 2. d4 Nf6 3. c4 c6 4. Nc3 e6 5. Bg5 h6 6. Bh4 dxc4 7. e4 g5 8. Bg3 b5 9. Be2 Bb7 10. 0-0 Nbd7 11. Ne5 Be7 12. f4 0-0 13. fxg5 hxg5 14. Kh1 c5 15. Nxd7 Qxd7 16. d5 exd5 17. Qd2 Ne8 18. Nxd5 Bxd5 19. exd5 Rd8 20. Rad1 f6 21. h3 a6 22. Rfe1 Bd6 23. Bg4 Qc7 24. Bxd6 Rxd6 25. Be6+ Kh7 26. Qc2+ Kh8 27. Kg1 Ng7 28. h4 Nxe6 29. dxe6 Rfd8 30. hxg5 Rxd1 31. Rxd1 fxg5 1/2-1/2

[Event "GER AM02-B email"]
[Site "GER email"]
[Date "2016.06.26"]
[Round "?"]
[White "Matheis, Thomas"]
[Black "Joppich, Ulrich"]
[Result "1/2-1/2"]
[WhiteElo "2454"]
[BlackElo "2468"]
[PlyCount "47"]
[EventDate "2016.??.??"]
[EventType "tourn (corr)"]
[EventRounds "14"]
[EventCountry "GER"]
[SourceTitle "Corr 2017"]
[Source "ChessBase"]
[SourceDate "2017.09.19"]
[SourceVersion "1"]
[SourceVersionDate "2017.09.19"]
[SourceQuality "1"]

1. e4 c5 2. Nf3 d6 3. d4 cxd4 4. Nxd4 Nf6 5. Nc3 a6 6. Be3 e5 7. Nb3 Be6 8. h3 Be7 9. Qf3 0-0 10. g4 a5 11. a4 Na6 12. 0-0-0 Rc8 13. Kb1 Rxc3 14. bxc3 Qc7 15. Bb5 Qxc3 16. Rd3 Qc8 17. c4 Bxc4 18. Rc3 d5 19. exd5 e4 20. Rxc4 exf3 21. Rxc8 Rxc8 22. d6 Bxd6 23. Nxa5 Nc7 24. Nxb7 1/2-1/2

[Event "GER AM02-B email"]
[Site "GER email"]
[Date "2016.06.26"]
[Round "?"]
[White "Matheis, Thomas"]
[Black "Mayer, Roger"]
[Result "1/2-1/2"]
[WhiteElo "2454"]
[BlackElo "2494"]
[PlyCount "50"]
[EventDate "2016.??.??"]
[EventType "tourn (corr)"]
[EventRounds "14"]
[EventCountry "GER"]
[SourceTitle "Corr 2017"]
[Source "ChessBase"]
[SourceDate "2017.09.19"]
[SourceVersion "1"]
[SourceVersionDate "2017.09.19"]
[SourceQuality "1"]

1. d4 Nf6 2. Nf3 e6 3. c4 d5 4. Nc3 c6 5. Bg5 h6 6. Bh4 dxc4 7. e4 g5 8. Bg3 b5 9. Be2 Bb7 10. 0-0 Nbd7 11. Ne5 Be7 12. f4 0-0 13. Bh5 Nxe5 14. fxe5 Ne8 15. Qf3 Ng7 16. Bxf7+ Kh7 17. Rad1 b4 18. Na4 c3 19. bxc3 Ba6 20. Rf2 Bb5 21. Nc5 Rxf7 22. Qxf7 Bxc5 23. Rf6 bxc3 24. Qg6+ Kg8 25. Qf7+ Kh7 1/2-1/2

[Event "GER AM02-B email"]
[Site "GER email"]
[Date "2016.06.26"]
[Round "?"]
[White "Matheis, Thomas"]
[Black "Wilhelmi, Dirk"]
[Result "1/2-1/2"]
[WhiteElo "2454"]
[BlackElo "2432"]
[PlyCount "99"]
[EventDate "2016.??.??"]
[EventType "tourn (corr)"]
[EventRounds "14"]
[EventCountry "GER"]
[SourceTitle "Corr 2020"]
[Source "ChessBase"]
[SourceDate "2019.09.30"]
[SourceVersion "1"]
[SourceVersionDate "2019.09.30"]
[SourceQuality "1"]

1. e4 c5 2. Nf3 Nc6 3. Nc3 d6 4. d4 cxd4 5. Nxd4 Nf6 6. Bg5 e6 7. Qd2 Be7 8. 0-0-0 Nxd4 9. Qxd4 0-0 10. f4 Qa5 11. Kb1 h6 12. h4 Rd8 13. Qe3 Bd7 14. Bd3 Bc6 15. Qe2 Kf8 16. Rdf1 Ke8 17. f5 hxg5 18. hxg5 Kd7 19. gxf6 Bxf6 20. Rh7 exf5 21. Rxf5 Qb6 22. Rxf6 gxf6 23. Rxf7+ Kc8 24. a3 Kb8 25. Bb5 a6 26. Bxc6 bxc6 27. Qd1 Ra7 28. Rxf6 Qc5 29. Qd3 Qg1+ 30. Ka2 Qxg2 31. Na4 Qh2 32. Re6 a5 33. c4 Rg7 34. Qc3 Qg3 35. Qxa5 Rh8 36. Qb4+ Rb7 37. Qxd6+ Qxd6 38. Rxd6 Kc7 39. Rd2 Rbb8 40. Nc5 Rbg8 41. Ne6+ Kb8 42. a4 Rh5 43. b4 Rg1 44. Kb2 Rhh1 45. Kc3 Rc1+ 46. Rc2 Rh3+ 47. Kb2 Rd1 48. Rf2 Re3 49. Nc5 Ka7 50. a5 1/2-1/2